Načítá se...

Information needs, information seeking behaviour and users /

Podrobná bibliografie
Hlavní autor: Bikika Tariang Laloo
Médium: Printed Book
Jazyk:English
Vydáno: New Delhi: Ess Ess publications, 2002.
LEADER 00764nam a2200145Ia 4500
008 121027s9999 xx 000 0 eng d
020 |a 8170003164 
082 |b BIK/I 
100 |a Bikika Tariang Laloo 
245 |a Information needs, information seeking behaviour and users / 
260 |a New Delhi:  |b Ess Ess publications,  |c 2002. 
300 |a 150p 
505 |a 1. Information needs, information seeking behaviour 2. User 3. Information needs and information seeking behaviour of scientists (R&D), social scientists, managers (planning and decision making), doctors, university teachers and citizens 4. Information ne 
999 |c 52524  |d 52524 
952 |0 0  |1 0  |2 ddc  |4 0  |6 025_580000000000000_BIK_I  |7 0  |9 52502  |a UL  |b UL  |c ST1  |d 2012-10-27  |l 5  |o 025.58 BIK/I  |p 75553  |r 2017-05-18  |s 2017-03-28  |y BK